书目信息 |
| 题名: |
常见食品添加剂速查手册
|
|
| 作者: | 李忠 主编 | |
| 分册: | ||
| 出版信息: | 海口 南海出版公司 2018 |
|
| 页数: | 153页 | |
| 开本: | 26cm | |
| 丛书名: | ||
| 单 册: | ||
| 中图分类: | TS202.3-62 | |
| 科图分类: | ||
| 主题词: | 食品添加剂--手册 | |
| 电子资源: | ||
| ISBN: | 978-7-5442-9203-0 | |
| 000 | 00791nam0 2200229 450 | |
| 001 | 012001003470 | |
| 005 | 20140130174034.0 | |
| 010 | @a978-7-5442-9203-0@dCNY79.80 | |
| 100 | @a20190109d2018 em y0chiy50 ea | |
| 101 | 0 | @achi |
| 102 | @aCN@b460000 | |
| 105 | @aak z 000yy | |
| 106 | @ar | |
| 200 | 1 | @a常见食品添加剂速查手册@9chang jian shi pin tian jia ji su cha shou ce@f李忠主编 |
| 210 | @a海口@c南海出版公司@d2018 | |
| 215 | @a153页@c彩图@d26cm | |
| 330 | @a本书分为食品添加剂概述、常用食品添加剂、常检不合格食品添加剂及附录4章,包括术语和定义、食品添加剂使用原则、食品添加剂分类、防腐剂、甜味剂等内容。 | |
| 606 | 0 | @a食品添加剂@j手册 |
| 690 | @aTS202.3-62@v5 | |
| 701 | 0 | @a李忠@9li zhong@4主编 |
| 801 | 0 | @aCN@b北京卓展@c20191020 |
| 905 | @b1211767-70@dTS202.3-62@e343@f4 | |
| 常见食品添加剂速查手册/李忠主编.-海口:南海出版公司,2018 |
| 153页:彩图;26cm |
| ISBN 978-7-5442-9203-0:CNY79.80 |
| 本书分为食品添加剂概述、常用食品添加剂、常检不合格食品添加剂及附录4章,包括术语和定义、食品添加剂使用原则、食品添加剂分类、防腐剂、甜味剂等内容。 |
| ● |
| 相关链接 |
|
|
|
|
正题名:常见食品添加剂速查手册
索取号:TS202.3-62/343
 
预约/预借
| 序号 | 登录号 | 条形码 | 馆藏地/架位号 | 状态 | 备注 |
| 1 | 1211767 | 212117671 | 第二样本阅览室/ [索取号:TS202.3-62/343] | 在馆 | |
| 2 | 1211768 | 212117680 | 第三借阅区/ [索取号:TS202.3-62/343] | 在馆 | |
| 3 | 1211769 | 212117699 | 第三借阅区/ [索取号:TS202.3-62/343] | 在馆 | |
| 4 | 1211770 | 212117706 | 第三借阅区/ [索取号:TS202.3-62/343] | 在馆 |